Adolescents. Psychoanalytic approach to problems and therapy / (Record no. 4216)

MARC details
000 -LEADER
campo de control de longitud fija 00583ntaaa2200193 4500
003 - IDENTIFICADOR DE NÚMERO DE CONTROL
campo de control 01
005 - FECHA Y HORA DE LA ÚLTIMA TRANSACCIÓN
campo de control 20251027201019.0
008 - DATOS DE LONGITUD FIJA--INFORMACIÓN GENERAL
campo de control de longitud fija 0714s1973 ag 01
040 ## - FUENTE DE CATALOGACIÓN
Centro catalogador/agencia de origen AR-BaBN
Lengua de catalogación spa
Centro/agencia transcriptor AR-BaBN
Normas de descripción aacr
Centro/agencia modificador RIC
082 ## - NÚMERO DE LA CLASIFICACIÓN DECIMAL DEWEY
Número de clasificación 136.7354 L88
100 ## - ENTRADA PRINCIPAL--NOMBRE DE PERSONA
Nombre de persona Lorand, Sandor
9 (RLIN) 2898
245 ## - MENCIÓN DEL TÍTULO
Título Adolescents. Psychoanalytic approach to problems and therapy /
Mención de responsabilidad, etc. Sandor Lorand, Henry I. Schneer
250 ## - MENCION DE EDICION
Mención de edición 1 ed.
300 ## - DESCRIPCIÓN FÍSICA
Extensión xiv, 378 p.
500 ## - NOTA GENERAL
Nota general Estudio psicoanalítico de los problemas de los adolescentes
650 ## - PUNTO DE ACCESO ADICIONAL DE MATERIA--TÉRMINO DE MATERIA
Término de materia o nombre geográfico como elemento de entrada Psicoanálisis
9 (RLIN) 2743
700 ## - ENTRADA AGREGADA--NOMBRE PERSONAL
Nombre de persona Schneer, Henry I.
9 (RLIN) 7325
942 ## - ELEMENTOS DE ENTRADA SECUNDARIOS (KOHA)
Tipo de ítem Koha Colección General
Holdings
Estatus retirado Estado de pérdida Estado de daño No para préstamo Biblioteca de origen Biblioteca actual Fecha de adquisición Número de inventario Total de préstamos Signatura topográfica completa Código de barras Visto por última vez Precio de reemplazo Tipo de ítem Koha
        Biblioteca Pluis Biblioteca Pluis 27/10/2025 024000   136.7354 L88 024000 27/10/2025 27/10/2025 Colección General